MÍNUS STO

Bibliographic Details
Main Author: Bindzár, Juraj, 1943-2019 (Author)
Format: Article
Language:Slovak

MARC

LEADER 00000nab a2200000uu 4500
001 vtls011509748
003 SK-MaSNL
005 20260304013446.0
008 230302|2011 xo |||||||||||||||||slo|
015 |a SNBRB 
035 |a (urnnbn)urn:nbn:sk:snk:ar-000c8w 
035 |a (uuid)cbf3185f-aef3-44cb-9e2c-d437add46ae5 
035 |a urn:nbn:sk:snk-abe0re 
040 |a SNKBUCL  |b slo  |c SNKBUCL  |e AACR2 
041 0 |a slo 
044 |a xo  |c SK 
100 1 |a Bindzár, Juraj,  |d 1943-2019  |4 aut  |9 105677 
245 1 0 |a MÍNUS STO  |c Juraj Bindzár 
773 0 |t Slovenské pohľady  |g Roč. 127, č. 3 (2011), s. 108-109 
958 |a OND 
958 |a EUIPO 
958 |a article21 
999 |c 2575894  |d 2577824